Visualizzazione normale
Vista MARC
- Rufinus Tyrannius,
di Personal Name
Records bibliografici associati: 1
001 - CONTROL NUMBER
- control field: 56922
003 - CONTROL NUMBER IDENTIFIER
- control field:
005 - DATE AND TIME OF LATEST TRANSACTION
- control field: 20180505112238.0
008 - FIXED-LENGTH DATA ELEMENTS
- fixed length control field: 180505|| aca||aabn | a|a d
040 ## - CATALOGING SOURCE
- Original cataloging agency:
- Transcribing agency:
100 ## - HEADING--PERSONAL NAME
- Personal name: Rufinus Tyrannius,
- Dates associated with a name: ca.345-410.
670 ## - SOURCE DATA FOUND
- Source citation: Work cat.: ()0: Origenes, 184-253. 56919, Omelie sui Giudici :, 2010.